Основи релігієзнавства (Запис № 322590)

МАРК-запис
000 -Лідер
fixed length control field 00707nam a22002537a 4500
001 - Контрольний номер
control field 36356
003 - Ідентифікатор контрольного номера
control field UA-OsUOA
005 - Дата та час останнього входження (трансакції)
control field 20200729170919.0
007 - Фіксоване поле фізичного опису
fixed length control field ta
008 - Елементи даних фіксованої довжини – загальна інформація
fixed length control field 20060123b un ||||| |||| 00| 0 ukr d
020 ## - Міжнародний стандартний книжковий номер (ISBN)
Міжнародний стандартний книжковий номер (ISBN) (НП) 9663642068
040 ## - Джерело каталогізації
Агенція оригінальної каталогізації UA-OsUOA
Мова каталогізації ukr
Агенція, яка здійснювала перезапис UA-OsUOA
Агенція, яка здійснювала модифікацію UA-OsUOA
041 ## - Код мови
Код мови тексту/ звукової доріжки чи окремого заголовка (П) ukr
080 ## - Індекс Універсальної десяткової класифікації
Індекс Універсальної десяткової класифікації (УДК) (НП) 2(075.8)
090 ## - Локальний шифр розміщення
Класифікаційний індекс УДК 2(075.8)
Авторський знак (НП) Б82
100 ## - Основне введення – ім’я особи
Ім’я особи (НП) Борисова З. О.
245 ## - Відомості про назву
Назва (НП) Основи релігієзнавства
Решта назви (НП) навч.-метод. посіб.
260 ## - Публікація, розповсюдження і т.п. (Вихідні дані)
Місце публікації, розповсюдження і т.п. (П) К.
Дата публікації, розповсюдження і т.п. (П) 2006
Ім’я/ наймення видавництва, розповсюджувача і т.п. (П) ЦНЛ
300 ## - Фізичний опис
Обсяг 288 с.
650 #7 - Додаткове предметне введення – тематичний термін
Тематичний термін чи географічна назва, як елемент введення (НП) 2 Релігія. Теологія.
Джерело заголовка чи терміна UDC
942 ## - Додаткові елементи входу (Коха)
Тип елемента Koha Книги
Source of classification or shelving scheme Universal Decimal Classification
955 ## - Код типу видання за змістом
Код типу видання за змістом (НП) Навчальні видання
Фонди
Стан вилучень Стан втрат Джерело класифікації або схеми стелажів Стан уражень Не для кредиту Постійне місце розташування Поточне розміщення Дата придбання Джерело придбання Вартість, звичайна ціна покупки Інвентарний номер Усього замовленно Повний номер виклику Штрих-код Дата останнього перегляду Ціна ефективна від Тип елемента Koha Усього утримується
Withdrawn   Universal Decimal Classification   Not For Loan АБ - Абонемент НБ АБ - Абонемент НБ 11/04/2008 43/2008 24.00 112920   2(075.8) Б82 112920 13/07/2019 11/04/2008 Книги  
    Universal Decimal Classification     АБ - Абонемент НБ АБ - Абонемент НБ 11/04/2008 43/2008 24.00 112921   2(075.8) Б82 112921 04/11/2021 11/04/2008 Книги  
    Universal Decimal Classification     АБ - Абонемент НБ АБ - Абонемент НБ 11/04/2008 43/2008 24.00 112922   2(075.8) Б82 112922 04/11/2021 11/04/2008 Книги 1
    Universal Decimal Classification     АБ - Абонемент НБ АБ - Абонемент НБ 11/04/2008 43/2008 24.00 112923   2(075.8) Б82 112923 04/11/2021 11/04/2008 Книги  
    Universal Decimal Classification     АБ - Абонемент НБ АБ - Абонемент НБ 11/04/2008 43/2008 24.00 112924   2(075.8) Б82 112924 04/11/2021 11/04/2008 Книги  
    Universal Decimal Classification     АБ - Абонемент НБ АБ - Абонемент НБ 11/04/2008 43/2008 24.00 112925   2(075.8) Б82 112925 04/11/2021 11/04/2008 Книги  
    Universal Decimal Classification     АБ - Абонемент НБ АБ - Абонемент НБ 11/04/2008 43/2008 24.00 112926   2(075.8) Б82 112926 04/11/2021 11/04/2008 Книги  
    Universal Decimal Classification     АБ - Абонемент НБ АБ - Абонемент НБ 11/04/2008 43/2008 24.00 112927   2(075.8) Б82 112927 04/11/2021 11/04/2008 Книги  
Withdrawn   Universal Decimal Classification   Not For Loan АБ - Абонемент НБ АБ - Абонемент НБ 11/04/2008 43/2008 24.00 112928   2(075.8) Б82 112928 13/07/2019 11/04/2008 Книги 1
    Universal Decimal Classification     АБ - Абонемент НБ АБ - Абонемент НБ 11/04/2008 43/2008 24.00 112929   2(075.8) Б82 112929 04/11/2021 11/04/2008 Книги  
    Universal Decimal Classification     ЧЗ - Читальна зала ЧЗ - Читальна зала 23/01/2006 6/2006 20.00 94185   2(075.8) Б82 94185 07/02/2022 23/01/2006 Книги  
    Universal Decimal Classification     ЧЗ - Читальна зала ЧЗ - Читальна зала 23/01/2006 6/2006 20.00 94186   2(075.8) Б82 94186 11/02/2022 23/01/2006 Книги